000 00532nam a2200205Ia 4500
005 20250326145417.0
008 250326s9999 xx 000 0 und d
037 _aTextbook
040 _aFMSL
_beng
_cFMSL
041 _aeng
_2eng
084 _qFMSL
100 _aCameron E
_9741983
245 0 _aMaking sense of change management
_cCameron E; Green M
250 _a4
260 _aLondon
_bLondon, Kogan page
_c2015
365 _b3561.2800000000002
650 _aManagement
942 _cTB
999 _c1307481
_d1307481